|
|
|
|
| LEADER |
00000cam a2200000 7i4500 |
| 001 |
0000004010 |
| 008 |
021118n |
| 020 |
|
|
|a 0442226284
|
| 090 |
0 |
0 |
|a TA345
|b .B69 1988
|
| 100 |
0 |
|
|a Bowerman, Robert G.
|d 1956-
|e author
|
| 245 |
0 |
0 |
|a Engineering workstations
|b technology and application trends
|c Robert G. Bowerman, Robert T. Fertig
|
| 260 |
2 |
|
|a New York
|b Van Nostrand Reinhold
|c c1988
|
| 300 |
|
|
|a xii, 273 p. ;
|c 23 cm.
|
| 650 |
|
0 |
|a CAD/CAM systems
|
| 650 |
|
0 |
|a Engineering
|x Data processing
|
| 700 |
0 |
|
|a Fertig, Robert T.
|e author
|
| 999 |
|
|
|a 1000035324
|b Book
|c OPEN SHELF (30 DAYS)
|e Gong Badak Campus
|